000 01200cam a2200361 i 4500
999 _c1210
_d1210
001 21914146
003 OSt
005 20221129133810.0
008 210223s2018 enka 001 0 eng d
010 _a 2019302932
_z 2018418613
020 _a9780198425151
_q(paperback)
040 _aDLC
_beng
_cDLC
_dKH8
042 _apcc
082 0 4 _a519.2 NIC
_223
100 1 _aNicholson, James
_q(James R.),
_eauthor.
245 1 0 _aComplete probability & statistics 1 for Cambridge International AS & A level /
_cJames Nicholson.
250 _aSecond edition.
264 1 _aOxford :
_bOxford University Press,
_c2018.
300 _avii, 215 pages :
_bcolor illustrations ;
_c25 cm
336 _atext
_2rdacontent
337 _aunmediated
_2rdamedia
338 _avolume
_2rdacarrier
500 _aIncludes Internet access.
500 _aIncludes index.
521 2 _aA-level.
521 2 _aAS.
650 0 _aProbabilities
_xExaminations
_vStudy guides.
650 0 _aStatistics
_xExaminations
_vStudy guides.
655 7 _aStudy guides.
_2fast
_0(OCoLC)fst01423888
906 _a7
_bcbc
_corignew
_d2
_encip
_f20
_gy-gencatlg
942 _2ddc
_cTR